000 02147nam a2200397 4500
003 EC-UNACH
005 20250515163206.0
006 s||||gr|||| 00| 00
008 150116t9999 mx r gr 000 0 spa d
020 _a25287761
040 _aEC-UNACH
_cEC-UNACH
041 _aspa
082 0 4 _223
_a300
_bL017767
110 _aCentro Andino de Acción Popular (CAAP)
245 _aEcuador Debate N°120. Desafíos contemporáneos globales
250 _aPrimera edición
264 _aQuito – Ecuador
_bCAAP
_c2023
300 _a236 páginas
_bTabla,Figuras
_c14,5 X 21 cm
505 _aCOYUNTURA.- Récords económicos del gobierno de Lasso. -- Conflictividad socio-política: Julio-Octubre 2023. -- TEMA CENTRAL.-¿La globalización fragmentada: una discusión conceptual. -- La transición energética en clave geopolítica. -- Crisis alimentaria global. -- Deslocalizando la "crisis" de la movilidad migrante y el control. -- Análisis de impacto de la inteligencia artificial. -- DEBATE AGRARIO.- Daniel Noboa y el ejercicio del "poder terrateniente". -- ANÁLISIS.- En Chile falló la conducción del proceso. -- La corrupción judicial: concepto y dinámicas. La Corte Constitucional de Ecuador. -- Perfil sociodemográfico de los ministros del gobierno de Lenín Moreno 2017-2021. RESEÑAS.- Rupturas presidenciales: las acciones de la fuerza pública ante movimientos no-violentos del Ecuador en 1997, 200 y 2005. Al zur-ich, más que un proyecto, un recurso estratégico. Memorias de un encuentro de arte y comunidad al zur-ich (2003-2017).
650 _aGOBIERNO DE LASSO
650 _aMOVILIDAD MIGRANTE
650 _aCORTE CONSTITUCIONAL DE ECUADOR
650 _aLENÍN MORENO
650 _aMOVIMIENTOS NO-VIOLENTOS
700 _aOspina Peralta, Pablo
700 _aCarrillo, Ana
700 _aBasabe-Serrano, Santiago
700 _aBorja, Raúl
700 _aSalgado Tamayo, Wilma
700 _aRomero Cevallos, Marco
942 _2ddc
_c1
999 _c13561